Logo BPK

Biblioteka

Politechniki Koszalińskiej

Metody numeryczne wyznaczania sił tarcia suchego w amortyzatorach pociągu ; Stacjonarne drgania belki spoczywającej na półprzestrzeni lepkosprężystej wywołane ruchomym obciążeniem / (Rekord nr 19009)

Szczegóły MARC
000 -ETYKIETA REKORDU
podpole kontrolne o stałej długości 00832nam a2200205 i 4500
001 - NUMER KONTROLNY REKORDU
pole kontrolne bg
040 ## - ŹRÓDŁO KATALOGOWANIA
Instytucja, która utworzyła rekord BPK
041 ## - KOD JĘZYKA
Kod języka tekstu pol
080 ## - UNIWERSALNA KLASYFIKACJA DZIESIĘTNA - UKD
UKD 531/534
008 - POLE O STAŁEJ DŁUGOŚCI - DANE KONTROLNE
podpole kontrolne o stałej długości s pl f |000 0 pol
100 1# - NAZWA OSOBOWA
Nazwa osobowa GRZESIKIEWICZ, Wiesław
245 #0 - TYTUŁ/ODPOWIEDZIALNOŚĆ
Tytuł Metody numeryczne wyznaczania sił tarcia suchego w amortyzatorach pociągu ; Stacjonarne drgania belki spoczywającej na półprzestrzeni lepkosprężystej wywołane ruchomym obciążeniem /
Pozostałe elementy strefy tytułu i oznaczenia odpowiedzialności Wiesław Grzesikiewicz, Andrzej Wakulicz / Roman Bogacz, Zofia Rozenbajger.
260 ## - STREFA ADRESU WYDAWNICZEGO
Miejsce wydania Warszawa :
Nazwa wydawcy/dystrybutora Wydawnictwa PW,
Data publikacji, dystrybucji/powstania dokumentu 1979.
490 1# - STREFA SERII I DOKUMENTU WIELOCZĘŚCIOWEGO - FORMA NIE DO WYSZUKIWANIA
Tytuł i oznaczenie odpowiedzialności serii Prace Naukowe / Politechnika Warszawska. Mechanika ;
Numeracja w obrębie serii z.63
700 1# - HASŁO DODATKOWE - NAZWA OSOBOWA
Nazwa osobowa WAKULICZ, Andrzej
700 1# - HASŁO DODATKOWE - NAZWA OSOBOWA
Nazwa osobowa Bogacz, Roman
700 1# - HASŁO DODATKOWE - NAZWA OSOBOWA
Nazwa osobowa Rozenbajger, Zofia
830 #0 - HASŁO DODATKOWE SERII LUB DOKUMENTU WIELOCZĘŚCIOWEGO - TYTUŁ UJEDNOLICONY
Tytuł ujednolicony Prace Naukowe (Politechnika Warszawska).
Nazwa części/sekcji dzieła Mechanika ;
Oznaczenie tomu z.63
856 ## - LOKALIZACJA I DOSTĘP DO ELEKTRONICZNYCH DOKUMENTÓW ZDALNYCH
Link (URL) http://koha.tu.koszalin.pl/cgi-bin/koha/opac-detail.pl?biblionumber=19009
Tekst linku Katalog online BPK
942 ## - DODATKOWE ELEMENTY (KOHA)
Typ dokumentu Książka
Egzemplarze
Wycofany Status egzemplarza Uszkodzony Dostępność Lokalizacja stała Lokalizacja bieżąca Miejsce przechowywania Sygnatura Kod kreskowy Typ dokumentu
      Dostępny Biblioteka Politechniki Koszalińskiej Biblioteka Politechniki Koszalińskiej Wypożyczalnia BG 26692 01394924 Książka
© 2023 Biblioteka Politechniki Koszalińskiej :: KOHA